| 000 | 00583cam a2200229 a 4500 | ||
|---|---|---|---|
| 005 | 20260322212010.0 | ||
| 008 | data | ||
| 010 | _a 93038177 | ||
| 020 | _a0679856188 | ||
| 020 | _a9780679856184 | ||
| 040 |
_aDLC _cDLC _dDLC |
||
| 043 | _an-us--- | ||
| 050 | 0 | 0 |
_aML385 _b.M62 1994 |
| 082 | 0 | 0 |
_aB _aB _220 |
| 092 | _a781.65 M62 1994 | ||
| 100 | 1 | _aMonceaux, Morgan. | |
| 245 | 1 | 0 |
_aJazz : _bmy music, my people / _cMorgan Monceaux. |
| 260 |
_aNew York : _bKnopf, _cc1994. |
||
| 300 |
_a64 p. : _bill. ; _c29 cm. |
||
| 650 | 0 |
_aJazz musicians _zUnited States _xBiography. |
|
| 001 | data | ||
| 999 |
_c211 _d211 |
||